000
00281nam a2200121Ia 4500
008
190216s9999||||xx |||||||||||||| ||und||
100
_a
Arora C L
245
0
_a
Refresher Course Series Physics
260
_b
S Chand & Co
_c
1986
300
_a
404p
650
_a
Physics
942
_c
BK
999
_c
33041
_d
33041